| 000 | 01047cam a22002294a 4500 | ||
|---|---|---|---|
| 005 | 20250605164042.0 | ||
| 008 | 250528s ||||||||||||||||||||||||d | ||
| 035 | _a17006 | ||
| 020 | _a745609627 | ||
| 040 |
_aGR-AtMCL _bgre _dGR-AtMCL _eAACR2 |
||
| 245 | 1 | _aPolitical and Economic Forms of Modernity | |
| 250 | _a1st | ||
| 260 |
_bPolity Press - Open University, _c1992 |
||
| 300 | _a440 | ||
| 520 | _aThis major introductory textbook examines the political and economic dimensions of twentieth-century industrialized societies. Preface, Introduction, Democracy in Modern Societies, The State in Advanced Capitalist Societies, Political Culture and Social Movements, Citizenship and the Welfare State, Fordism and Modern Industry, The Divisions of Labor and Occupational Change, Work Design and Corporate Strategies, Power and Conflict and Control at Work, Acknowledgements, Index. | ||
| 700 | 1 |
_aAllen John _93135 |
|
| 700 | 1 |
_aBraham Peter _93136 |
|
| 700 | 1 |
_aLewis Paul _93137 |
|
| 942 | _cBK | ||
| 999 |
_c2447 _d2447 |
||